000 00814nam a2200253 i 4500
001 42820
003 ES-MaACL
005 20250712062542.0
007 t|
008 030314m19651966sp o |||| | spa d
080 _a39(460.271)
080 _a821.134.2-36"19"
100 1 _aCela, Camilo José,
_d1916-2002
_937336
245 1 0 _aNuevas escenas matritenses /
_cCamilo José Cela ; fotografías de Enrique Palazuelo.
250 _a1ª ed.
260 _aMadrid :
_bAlfaguara,
_c1965-1966.
300 _a7 v. ([70] h. de lám. fot.) ;
_c28 x 18 cm.
490 1 _aFotografías al minuto ;
_v1-7
651 4 _aMadrid-
_xUsos y costumbres-
_yS.XX.
_98992
700 1 _aPalazuelo, Enrique.
_988519
830 1 _aFotografías al minuto ;
_v1-7
_9229842
852 4 _aES-MaACL
_jC-30880-86
999 _c42820
_d42820